| 000 | 00653nam a2200205Ia 4500 | ||
|---|---|---|---|
| 003 | OSt | ||
| 005 | 20250926161306.0 | ||
| 008 | 220923b |||||||| |||| 00| 0 eng d | ||
| 037 | _cReference | ||
| 040 |
_aRTL _cRTL _beng |
||
| 041 |
_2eng _aeng |
||
| 084 |
_aR2v73.N62, K2/SC _qRTL |
||
| 100 |
_aCohen, Morris Rophael. _9316351 |
||
| 245 | 0 | _aAmerican thought: a critical sketch | |
| 260 |
_aNew York _bCollier books _c1954 |
||
| 300 |
_a448 p. _ccm. _bIncludes bibliographical references and index. |
||
| 700 |
_a COHEN Felix S. _9316352 _eEditot. |
||
| 942 |
_hR2v73.N62, K2/SC _cREF _2CC _n0 |
||
| 999 |
_c622759 _d622759 |
||